Principles of information Security. (Record no. 175)

MARC details
005 - DATE AND TIME OF LATEST TRANSACTION
control field 20250617171828.0
020 ## - INTERNATIONAL STANDARD BOOK NUMBER
International Standard Book Number 978-1-2854-4836-7
082 ## - DEWEY DECIMAL CLASSIFICATION NUMBER
Classification number 005.8 WHI
100 ## - MAIN ENTRY--PERSONAL NAME
Author name WHITMAN, M E.
245 ## - TITLE STATEMENT
Title Principles of information Security.
250 ## - EDITION STATEMENT
Edition statement 5th Ed.
260 ## - PUBLICATION, DISTRIBUTION, ETC.
Place of publication, distribution, etc. Australia,
Name of publisher, distributor, etc. Cengage Learning,
Date of publication, distribution, etc. 2016.
300 ## - PHYSICAL DESCRIPTION
Extent xxviii, 692p.: ill.; figure,table
Other physical details Glossary & Index
Dimensions 23cm
700 ## - ADDED ENTRY--PERSONAL NAME
Other authors/Editors MATTORD, H. J.
856 ## - ELECTRONIC LOCATION AND ACCESS
Link text Access online book
Electronic name Computer
Path www.cengage.com/global.
942 ## - ADDED ENTRY ELEMENTS (KOHA)
Source of classification or shelving scheme Dewey Decimal Classification
Koha item type Books
Holdings
Date last seen Total checkouts Full call number Barcode Cost, replacement price Price effective from Koha item type Lost status Source of classification or shelving scheme Damaged status Not for loan Withdrawn status Home library Current library Shelving location Date acquired Cost, normal purchase price
03/07/2025   005.8 WHI 000000413 60000.00 03/07/2025 Books   Dewey Decimal Classification       College of Business Education Main Library College of Business Education Main Library Special Reserve Collection 03/07/2025 20000.00
03/07/2025   005.8 WHI 000000414 60000.00 03/07/2025 Books   Dewey Decimal Classification       College of Business Education Main Library College of Business Education Main Library General Collection 03/07/2025 20000.00
03/07/2025   005.8 WHI 000000415 60000.00 03/07/2025 Books   Dewey Decimal Classification       College of Business Education Main Library College of Business Education Main Library General Collection 03/07/2025 20000.00
03/07/2025   005.8 WHI 000000416 60000.00 03/07/2025 Books   Dewey Decimal Classification       College of Business Education Main Library College of Business Education Main Library General Collection 03/07/2025 20000.00
03/07/2025   005.8 WHI 000000417 60000.00 03/07/2025 Books   Dewey Decimal Classification       College of Business Education Main Library College of Business Education Main Library General Collection 03/07/2025 20000.00